000 00647cam a2200217 4500
001 sa 68018833
003 DLC
005 20260227112715.0
008 710929s1966 pk 00000 eng
010 _asa 68018833 //r912
025 _aPL480:P-E-1033
040 _aDLC
_cDLC
_dDLC
041 1 _aengmul
050 0 0 _aPK5461.A1
_bA37
110 2 0 _aAfro-Asian Book Club.
245 1 0 _aUnder the green canopy;
_bselections from contemporary creative writings of Pakistan.
250 _a[1st ed.
260 1 _aLahore,
_c1966]
300 _a308 p. (p. 289-308 advertisements)
_c19 cm.
650 0 _aPakistani literature
_xTranslations into English.
999 _c88672
_d88672